| 000 | 00656nam a2200205 u 4500 | ||
|---|---|---|---|
| 005 | 20210223132010.0 | ||
| 008 | 130219s2012 es r 000 0 spa d | ||
| 020 | _a9788415216797 | ||
| 035 | _aUPN01000189686 | ||
| 049 | _aCG | ||
| 050 | 4 |
_aQC981.8 G5.6 _bN3.3 |
|
| 100 | 1 |
_aNeale, Jonathan _933744 |
|
| 245 | 1 | 0 |
_aCómo detener el calentamiento global : _by cambiar el mundo / _cJonathan Neale ; tr. Esther Pérez Pérez. |
| 260 |
_aEspaña : _bEl Viejo Topo, _c2012. |
||
| 300 | _a363 p. | ||
| 650 | 4 |
_aCALENTAMIENTO GLOBAL - _xASPECTOS POLITICOS _922044 |
|
| 650 | 4 |
_aCALENTAMIENTO GLOBAL - _xPREVENCION _922043 |
|
| 905 | _aLibro | ||
| 999 |
_c161789 _d161789 |
||